Možnosti riešenia vybraných problémov kvality produkcie a výrobného procesu v skúmanom podniku
Návrh na riešenie, ktoré by pomohlo znížiť nepodarkovosť vo výrobnom procese vybraného produktu Kahanec 25 g.
Salvato in:
| Autore principale: | |
|---|---|
| Altri autori: | |
| Natura: | Capitolo di libro |
| Lingua: | slovacco |
| Soggetti: | |
| Tags: |
Nessun Tag, puoi essere il primo ad aggiungerne!!
|
MARC
| LEADER | 00000naa a2200000 4500 | ||
|---|---|---|---|
| 001 | 0210962 | ||
| 005 | 20240502073520.3 | ||
| 041 | 0 | |a slo | |
| 044 | |a SK | ||
| 245 | 1 | 0 | |a Možnosti riešenia vybraných problémov kvality produkcie a výrobného procesu v skúmanom podniku |c Pavol Andrejovský, František Hurný |
| 520 | |a Návrh na riešenie, ktoré by pomohlo znížiť nepodarkovosť vo výrobnom procese vybraného produktu Kahanec 25 g. | ||
| 610 | 2 | 0 | |a proces výrobný |
| 610 | 2 | 0 | |a organizácia výroby |
| 610 | 2 | 0 | |a podnik |
| 610 | 2 | 0 | |a kvalita výrobkov |
| 610 | 2 | 0 | |a riadenie kvality |
| 100 | 1 | |a Andrejovský, Pavol, 1975- | |
| 700 | 1 | |a Hurný, František | |